| 000 | 00609cab a2200217 4500 | ||
|---|---|---|---|
| 001 | WB3534-12 | ||
| 008 | 090401t1999 xxu||||| |||| 00| 0 eng d | ||
| 035 | _a(Sirsi) u109 | ||
| 041 | _aeng | ||
| 245 | _aDetailed guidance on CPOs | ||
| 260 | _c1999 | ||
| 350 | _a0 | ||
| 490 |
_aMunicipal Journal _v25 August 1999, 10(1) |
||
| 650 | _aCENTRES OF EXCELLENCE | ||
| 650 | _aCOMPULSORY PURCHASE ORDERS | ||
| 650 | _aGUIDANCE | ||
| 650 | _aLOCAL AUTHORITIES | ||
| 690 | _aENVIRONMENTAL AND LAND CONSULTANCY-PLANNING AND DEVELOPMENT-COMPULSORY PURCHASE AND COMPENSATION | ||
| 942 | _n0 | ||
| 948 | _c01/09/1999 | ||
| 999 |
_c39 _d39 |
||